dBase III Plus : biblioteca de rutinas y programas / Alan Simpson ; traducción: Kenneth J. Thomson biblioteca de rutinas y programas / Alan Simpson ; traducción:
ISBN:
84-7614-209-9
Descripción Física:
423 p. : il., gràf. ; 23 cm + disket IBM/PC
Otros Autores:
Thomson, Kenneth J.
MARC
| LEADER | 00000nam a2200000Ia 4500 | ||
|---|---|---|---|
| 001 | 16767 | ||
| 008 | 160829s1990 xx 000 0 cat d | ||
| 020 | |a 84-7614-209-9 | ||
| 080 | |a C-2-362 | ||
| 100 | |a Simpson, Alan |9 25435 | ||
| 245 | |a dBase III Plus : |b biblioteca de rutinas y programas / Alan Simpson ; traducción: |b Kenneth J. Thomson | ||
| 260 | |a Madrid : |b Anaya Multimedia, |c 1990 | ||
| 300 | |a 423 p. : |b il., gràf. ; |c 23 cm + disket IBM/PC | ||
| 590 | |a Apèndixs. | ||
| 590 | |a Índex | ||
| 650 | |a Programació (Ordinadors) |9 25436 | ||
| 650 | |a dBASE III (Programes d'ordinador) |9 25437 | ||
| 650 | |a Programes d'ordinador |9 25438 | ||
| 700 | |a Thomson, Kenneth J. |9 25439 | ||
| 901 | |a Arxiu | ||
| 942 | |n 1 | ||
| 952 | |0 0 |1 0 |4 0 |6 C2362 |7 1 |9 43616 |a Arxiu |b Arxiu |d 2016-12-01 |l 0 |o C-2-362 |p 16767 |r 2016-12-01 00:00:00 |w 2016-12-01 |y ARXIU | ||
| 999 | |c 46164 |d 46164 | ||